00568nam a22001937a 450000500170000000800410001704000070005804100120006508200210007710000200009824500590011826000360017730000290021365000250024265000390026765000250030665000210033170000220035220220713113237.0220713b ||||| |||| 00| 0 eng d cAL aEnglish 223a338.88bRAZT aJohn Mohan Razu aTransnational Corporations and the Development Debacle aBombaybBuild Publicationc1989 aix,155 p.bPBc22x14 cm. aDeveloping countries aInternational business enterprises aEconomic development aEconomic history aRAZU (John Mohan)